000 00287nam a22001337a 4500
008 170210b xxu||||| |||| 00| 0 eng d
020 _a2800781736765
041 _aeng
080 _22ND
_a61
100 _a4
101 _aSHM
245 _aMEDICINE RECALL
_cBERGIN, J.D
942 _2udc
_cBK
999 _c5152
_d5152